| 000 | 00894nam a2200253 4500 | ||
|---|---|---|---|
| 003 | EC-UNACH | ||
| 005 | 20260211154236.0 | ||
| 006 | s||||gr|||| 00| 00 | ||
| 008 | 150116t9999 mx r gr 000 0 spa d | ||
| 020 | _a. | ||
| 040 |
_aEC-UNACH _cEC-UNACH |
||
| 041 | _aspa | ||
| 082 | 0 | 4 |
_223 _a331.62 _bL018606 |
| 100 | _aCélleri, Daniela | ||
| 245 | _aSituación laboral y aporte económico de inmigrantes en el centro/sur de Quito-Ecuador | ||
| 250 | _aOctubre 2020 No. 16 | ||
| 264 |
_aQuito _bRosa Luxemburg Stiftung _c2020 |
||
| 300 | _a22 páginas | ||
| 505 | _aIntroducción -- Aproximación teórica y metodológica -- Características generales de inmigrantes en Quito -- Razones para salir del país de origen -- Atención de salud | ||
| 942 |
_2ddc _c1 |
||
| 999 | _c14358 | ||